书目信息 |
| 题名: |
先进陶瓷材料科学基础
|
|
| 作者: | 茹红强 , 霍地 , 张牧 , 张翠萍 编著 | |
| 分册: | ||
| 出版信息: | 沈阳 东北大学出版社 2022.10 |
|
| 页数: | 442页 | |
| 开本: | 24cm | |
| 丛书名: | ||
| 单 册: | ||
| 中图分类: | TQ174.75 | |
| 科图分类: | ||
| 主题词: | 陶瓷复合材料--tao ci fu he cai liao--研究生--教材 | |
| 电子资源: | ||
| ISBN: | 978-7-5517-3154-6 | |
| 000 | 01500nam0 2200301 450 | |
| 001 | 90557 | |
| 005 | 20250815203802.52 | |
| 010 | @a978-7-5517-3154-6@dCNY69.00 | |
| 100 | @a20230315d2022 em y0chiy50 ea | |
| 101 | 0 | @achi |
| 102 | @aCN@b210000 | |
| 105 | @aa a 000yy | |
| 106 | @ar | |
| 200 | 1 | @a先进陶瓷材料科学基础@Axian jin tao ci cai liao ke xue ji chu@f茹红强 ... [等] 编著 |
| 210 | @a沈阳@c东北大学出版社@d2022.10 | |
| 215 | @a442页@c图@d24cm | |
| 304 | @a题名页题其余责任者: 霍地, 张牧, 张翠萍 | |
| 320 | @a有书目 | |
| 330 | @a本书包括八章节, 其中第一章介绍了化学键类型、离子晶体结构稳定性影响因素, 典型陶瓷化合物晶体结构以及硅酸盐陶瓷晶体结构 ; 第二章介绍了陶瓷中热缺陷、固溶体以及非化学计量缺陷、缺陷布劳沃图、缺陷缔合与沉积以及线缺陷和面缺陷 ; 第三章介绍了陶瓷的表面, 固-固、固-液界面等有关概念和知识 ; 第四章介绍了陶瓷相平衡、陶瓷的一元、二元和三元系统相图 ; 第五章介绍了陶瓷中扩散类型、连续扩散方程、原子扩散过程以及陶瓷电传导 ; 第六章介绍了固相反应概念、机理及动力学 ; 第七章介绍了陶瓷固体中相变概念、类型及基本理论 ; 第八章介绍了烧结概念、热力学与推动力、固相烧结理论、液相烧结、热压烧结等内容。 | |
| 333 | @a东北大学“双一流”建设研究生教材 | |
| 606 | 0 | @a陶瓷复合材料@Atao ci fu he cai liao@x研究生@j教材 |
| 690 | @aTQ174.75@v5 | |
| 701 | 0 | @a茹红强@Aru hong qiang@4编著 |
| 701 | 0 | @a霍地@Ahuo di@4编著 |
| 701 | 0 | @a张牧@Azhang mu@4编著 |
| 701 | 0 | @a张翠萍@Azhang cui ping@4编著 |
| 801 | 0 | @aCN@c20250909 |
| 905 | @a河南城建学院图书馆@dTQ174.75@eR793@f1 | |
| 先进陶瓷材料科学基础/茹红强 ... [等] 编著.-沈阳:东北大学出版社,2022.10 |
| 442页:图;24cm |
| 使用对象:东北大学“双一流”建设研究生教材 |
| ISBN 978-7-5517-3154-6:CNY69.00 |
| 本书包括八章节, 其中第一章介绍了化学键类型、离子晶体结构稳定性影响因素, 典型陶瓷化合物晶体结构以及硅酸盐陶瓷晶体结构 ; 第二章介绍了陶瓷中热缺陷、固溶体以及非化学计量缺陷、缺陷布劳沃图、缺陷缔合与沉积以及线缺陷和面缺陷 ; 第三章介绍了陶瓷的表面, 固-固、固-液界面等有关概念和知识 ; 第四章介绍了陶瓷相平衡、陶瓷的一元、二元和三元系统相图 ; 第五章介绍了陶瓷中扩散类型、连续扩散方程、原子扩散过程以及陶瓷电传导 ; 第六章介绍了固相反应概念、机理及动力学 ; 第七章介绍了陶瓷固体中相变概念、类型及基本理论 ; 第八章介绍了烧结概念、热力学与推动力、固相烧结理论、液相烧结、热压烧结等内容。 |
| ● |
| 相关链接 |
|
|
|
正题名:先进陶瓷材料科学基础
索取号:TQ174.75/R793
 
预约/预借
| 序号 | 登录号 | 条形码 | 馆藏地/架位号 | 状态 | 备注 |
| 1 | 1624519 | 216245196 | 自科库501/501自科库 139排9列6层/ [索取号:TQ174.75/R793] | 在馆 |